North American capitals by their flags and COAs - Statistics

General Stats
  • This quiz has been taken 36 times
  • The average score is 9 of 14
Answer Stats
Picture Answer % Correct
Managua
85%
Nassau
85%
Panama City
85%
Castries
81%
Washington D.C.
78%
Ottawa
59%
San Salvador
59%
Havana
56%
San Jose
52%
Tegucigalpa
52%
Port-au-Prince
48%
Guatemala City
44%
Mexico City
44%
Santo Domingo
33%
No matching quizzes found
Score Distribution
Percent of People with Each Score
Percentile by Number Answered
Your Score History
You have not taken this quiz